[Event "Mechanics' Winter TNM; G/2 d5"]
[Site "San Francisco"]
[Date "2018.02.20"]
[Round "7.41"]
[White "Azimadeh, Farhad"]
[Black "McCarty-Snead, Callaghan"]
[Result "0-1"]
[WhiteElo "1596"]
[BlackElo "1704"]
[PlyCount "90"]
[EventDate "2018.??.??"]
[Source "ChessBase"]
[SourceDate "2007.09.04"]

1. e3 e5 2. d3 d5 3. Nc3 Nc6 4. Nf3 Bg4 5. Be2 Nf6 6. b3 Bb4 7. Bd2 O-O 8. O-O
d4 9. Nb1 Bxd2 10. Qxd2 dxe3 11. fxe3 e4 12. Ne1 Bxe2 13. Qxe2 exd3 14. cxd3
Qe7 15. Nf3 Rad8 16. Nbd2 Nb4 17. d4 Nc2 18. Rac1 Nxd4 19. Nxd4 Rxd4 20. Nf3
Re4 21. Rfe1 Re8 22. Qd3 c6 23. Red1 Rxe3 24. Qf5 Qe4 25. Qc5 a6 26. Rd4 Qe7
27. Qf5 Qe6 28. Qg5 h6 29. Qc5 Nd5 30. Rh4 Qe7 31. Qd4 Re4 32. Rxe4 Qxe4 33.
Qd1 Qe3+ 34. Kh1 Qe2 35. Qg1 Qxa2 36. h3 Qb2 37. Rf1 Qxb3 38. Rb1 Qe3 39. Qf1
Qa7 40. Nh4 b5 41. Nf5 Ne3 42. Qf2 Re5 43. g4 Qc5 44. Nxe3 Qxe3 45. Qg2 Rd5 0-1

[Event "Mechanics' Summer TNM; G/2 d/5"]
[Site "San Francisco"]
[Date "2018.06.19"]
[Round "4.12"]
[White "Azimzadeh, Farhad"]
[Black "Del Rosario, Frisco"]
[Result "0-1"]
[WhiteElo "1622"]
[BlackElo "2066"]
[PlyCount "46"]
[EventDate "2018.??.??"]
[Source "ChessBase"]
[SourceDate "2007.09.04"]

1. Nf3 g5 2. Nxg5 e5 3. d4 Be7 4. Ne4 d5 5. Ng3 exd4 6. Qxd4 Nf6 7. Nc3 c5 8.
Qd1 d4 9. Nb1 Bg4 10. Bf4 Nd5 11. Bh6 Qb6 12. Bc1 Nc6 13. Na3 O-O-O 14. Nc4
Qb4+ 15. Nd2 {[#]} Ne3 16. fxe3 dxe3 17. c3 Qf4 18. Nf3 Rxd1+ 19. Kxd1 Rd8+ 20.
Kc2 Nb4+ 21. cxb4 Qc4+ 22. Kb1 Bf5+ 23. Nxf5 Qe4# 0-1

[Event "Mechanics' Shipman TNM; G/2 d/5"]
[Site "San Francisco"]
[Date "2018.08.21"]
[Round "3.43"]
[White "Azimzadeh, Farhad"]
[Black "Greene, Sam"]
[Result "1-0"]
[WhiteElo "1591"]
[BlackElo "1700"]
[PlyCount "99"]
[EventDate "2018.??.??"]
[Source "ChessBase"]
[SourceDate "2007.09.04"]

1. e4 c6 2. c4 d5 3. cxd5 cxd5 4. e5 Bf5 5. d4 Nc6 6. Nc3 a6 7. Be3 e6 8. h4
Be7 9. g4 Bxh4 10. gxf5 exf5 11. Qh5 Be7 12. Qxf5 g6 13. Qf3 Nb4 14. O-O-O Rc8
15. Kb1 Qa5 16. a3 Rxc3 17. axb4 Qxb4 18. Qxd5 Rc6 19. Bh3 f5 20. Nf3 h6 21.
Bg2 Qb6 22. Qa2 Rc3 23. d5 Qb4 24. Bd2 Qe4+ 25. Ka1 Rc4 26. b4 Bxb4 27. Rhe1
Qg4 28. e6 Bc3+ 29. Bxc3 Ra4 30. Qxa4+ Qxa4+ 31. Kb1 Rh7 32. d6 Qb3+ 33. Bb2
Nf6 34. Nd4 Qb4 35. d7+ Kd8 36. Ka2 Qa4+ 37. Kb1 Qb4 38. Rc1 Nxd7 39. exd7 Kxd7
40. Red1 Ke8 41. Rc8+ Kd7 42. Nc2+ Kxc8 43. Nxb4 g5 44. Rd6 f4 45. Be4 Re7 46.
f3 h5 47. Bf6 Rxe4 48. fxe4 g4 49. Bh4 g3 50. Rd8+ 1-0

[Event "Mechanics' Summer TNM; G/2 d5"]
[Site "San Francisco"]
[Date "2018.07.03"]
[Round "6.13"]
[White "Babayan, Gagik"]
[Black "Anderson, Michael"]
[Result "1/2-1/2"]
[WhiteElo "1752"]
[BlackElo "1905"]
[PlyCount "97"]
[EventDate "2018.??.??"]
[Source "ChessBase"]
[SourceDate "2007.09.04"]

1. e4 c5 2. Nf3 e6 3. d4 cxd4 4. Nxd4 Nf6 5. Nc3 Bb4 6. e5 Nd5 7. Bd2 (7. Qg4 {
might just be the way to go after all}) 7... Nxc3 8. bxc3 Be7 9. Qg4 g6 10. h4
h5 11. Qf4 a6 12. g3 Nc6 13. Bg2 Qc7 14. Nxc6 dxc6 15. O-O Bd7 16. Qe4 O-O-O
17. Rab1 Rdg8 18. f4 f6 19. exf6 Bxf6 20. Qb4 Rh7 21. Be3 Be7 22. Bc5 Re8 23.
Bxe7 Rhxe7 24. Qe4 e5 25. Qxg6 exf4 26. Rxf4 Qe5 27. Rf7 Rxf7 28. Qxf7 Qxg3 29.
Qf2 Qxc3 30. Rb3 Qe1+ 31. Qxe1 Rxe1+ 32. Kf2 Rc1 33. Rc3 Bf5 34. Bf3 Rxc2+ 35.
Rxc2 Bxc2 36. Bxh5 Kd7 37. Ke3 Ke6 38. Bg4+ Bf5 39. Bf3 Ke5 40. h5 a5 41. Be2
Kf6 42. Bf3 Kg5 43. Kd4 Bd7 44. Kc5 Be8 45. Kb6 Bxh5 46. Bxc6 bxc6 47. Kxc6
Be8+ 48. Kc5 Kf4 49. Kd4 1/2-1/2

[Event "Mechanics' Winter TNM; G/2 d5"]
[Site "San Francisco"]
[Date "2018.02.27"]
[Round "8.12"]
[White "Babayan, Gagik"]
[Black "Argo, Guy"]
[Result "0-1"]
[WhiteElo "1718"]
[BlackElo "1951"]
[PlyCount "84"]
[EventDate "2018.??.??"]
[Source "ChessBase"]
[SourceDate "2007.09.04"]

1. e4 b6 2. d4 Bb7 3. Nc3 e6 4. Bd3 Bb4 5. Nge2 d5 6. e5 c5 7. Bb5+ Kf8 8. a3
Bxc3+ 9. Nxc3 c4 10. b4 a6 11. Ba4 b5 12. Bxb5 axb5 13. Nxb5 Qb6 14. Nd6 Nc6
15. c3 Nd8 16. a4 Bc6 17. b5 Be8 18. Ba3 Ne7 19. Bc5 Qb8 20. Qb1 Nb7 21. Bb4 f6
22. f4 Bg6 23. Qc1 Bd3 24. Qa3 Nxd6 25. Bxd6 Qb7 26. a5 Kf7 27. a6 Qd7 28. b6
Qb5 29. Bxe7 Rxa6 30. Qxa6 Qb2 31. Qa2 Qxc3+ 32. Kf2 Qxd4+ 33. Ke1 {Diagram [#]
} Ra8 $1 34. b7 Qxa1+ 35. Qxa1 Rxa1+ 36. Kd2 Ra2+ 37. Kc3 Rc2+ 38. Kd4 Rb2 39.
Bc5 Be4 40. h4 Rxb7 41. Rg1 Rb3 42. Ra1 Rd3# 0-1

[Event "Mechanics' Spring TNM; G/2 d5"]
[Site "San Francisco"]
[Date "2018.04.17"]
[Round "5.23"]
[White "Babayan, Gagik"]
[Black "Ash, Richard D"]
[Result "1-0"]
[WhiteElo "1718"]
[BlackElo "1733"]
[PlyCount "92"]
[EventDate "2018.??.??"]
[Source "ChessBase"]
[SourceDate "2007.09.04"]

1. e4 e5 2. Nf3 Nc6 3. Bb5 Nf6 4. O-O Nxe4 5. Bxc6 bxc6 6. Re1 Nf6 7. Rxe5+ Be7
8. Qe1 d6 9. Re2 Bg4 10. d3 Bxf3 11. gxf3 h6 12. Bf4 g5 13. Bg3 Qd7 14. Kg2 Kd8
15. Nd2 Re8 16. Ne4 Nd5 17. h3 Nf4+ 18. Bxf4 gxf4 19. Qc3 Rg8+ 20. Kh2 Rg6 21.
Qh8+ Qe8 22. Qxe8+ Kxe8 23. Rg1 Rxg1 24. Kxg1 Kd7 25. Nd2 d5 26. c3 a5 27. d4
a4 28. Kf1 Rg8 29. Re5 Bd6 30. Rh5 Rg6 31. b4 Ke6 32. a3 f5 33. c4 Kf6 34. c5
Bf8 35. Nb1 Rg8 36. Nc3 Kg6 37. b5 Kxh5 38. bxc6 Rg6 39. Nxd5 Rxc6 40. Nxf4+
Kg5 41. Nd3 Kf6 42. f4 Re6 43. Ne5 h5 44. Ke2 Ke7 45. Kd3 Bg7 46. d5 Rxe5 {
This is listed as 1-0 by both scoresheets. ???} 1-0

[Event "Mechanics' Winter TNM; G/2 d5"]
[Site "San Francisco"]
[Date "2018.01.09"]
[Round "1.31"]
[White "Babayan, Gagik"]
[Black "Baterdene, Jonathan"]
[Result "1-0"]
[WhiteElo "1718"]
[BlackElo "1205"]
[PlyCount "63"]
[EventDate "2018.??.??"]
[Source "ChessBase"]
[SourceDate "2007.09.04"]

1. e4 e5 2. Nf3 Nc6 3. Bb5 d6 4. d4 Bd7 5. dxe5 dxe5 6. O-O Nf6 7. Nc3 Bc5 8.
Bg5 a6 9. Bxc6 bxc6 10. Nxe5 Be7 11. Qd2 Be6 12. Qxd8+ Rxd8 13. Nxc6 Rd2 14.
Bxd2 h6 15. Nxe7 Kxe7 16. f3 Rd8 17. Be3 Kf8 18. Rad1 Rxd1 19. Rxd1 Nd7 20. b3
Ne5 21. Nd5 Bxd5 22. Rxd5 Nc6 23. Rc5 Ne7 24. Rxc7 Ng6 25. Bc5+ Ke8 26. Rc8+
Kd7 27. Ra8 Nf4 28. Kf2 Ne6 29. Be3 Nc7 30. Ra7 Kc6 31. Bf4 Nb5 32. Rxa6+ 1-0

[Event "Mechanics' Spring TNM; G/2 d5"]
[Site "San Francisco"]
[Date "2018.04.03"]
[Round "3.28"]
[White "Babayan, Gagik"]
[Black "Bennett, Tavis Lee"]
[Result "1-0"]
[WhiteElo "1718"]
[BlackElo "1461"]
[PlyCount "89"]
[EventDate "2018.??.??"]
[Source "ChessBase"]
[SourceDate "2007.09.04"]

1. e4 e5 2. Nf3 Nc6 3. Bb5 Bc5 4. c3 Nge7 5. O-O a6 6. Ba4 b5 7. Bc2 d5 8. exd5
Nxd5 9. d4 exd4 10. Re1+ Be6 11. cxd4 Bd6 12. Ng5 Kd7 13. Nc3 Nce7 14. Nxe6
fxe6 15. Qg4 Qg8 16. Nxd5 Nxd5 {Diagram [#]} 17. Rxe6 $1 Qxe6 18. Bf5 Rae8 19.
Bxe6+ Rxe6 20. Bd2 g6 21. g3 Rhe8 22. Re1 c6 23. a3 Nf6 24. Qh3 h5 25. Rxe6
Rxe6 26. Kf1 Ke7 27. Bg5 Kf7 28. Qg2 Ne4 29. Be3 Be7 30. h4 Nf6 31. Qf3 Kg7 32.
Bg5 Ng4 33. Qc3 Bxg5 34. hxg5 Kf7 35. Qc5 a5 36. Qa7+ Re7 37. Qxa5 Rd7 38. Qc3
Rd5 39. f4 c5 40. dxc5 Rd1+ 41. Ke2 Rg1 42. c6 Rg2+ 43. Kd1 Nf2+ 44. Kc1 Rg1+
45. Kc2 1-0

[Event "Mechanics' Bedjanian TNM; G/2 d/5"]
[Site "San Francisco"]
[Date "2018.10.30"]
[Round "2.1"]
[White "Babayan, Gagik"]
[Black "Chambers, Ezra"]
[Result "0-1"]
[WhiteElo "1833"]
[BlackElo "2332"]
[PlyCount "82"]
[EventDate "2018.??.??"]
[Source "ChessBase"]
[SourceDate "2007.09.04"]

1. e4 e6 2. d4 d5 3. Nc3 Nf6 4. Bg5 dxe4 5. Nxe4 Be7 6. Nxf6+ Bxf6 7. Bxf6 Qxf6
8. Nf3 c5 9. Bb5+ Bd7 10. Bxd7+ Nxd7 11. c3 O-O 12. O-O Rfd8 13. Qe2 cxd4 14.
Nxd4 Nb6 15. Rfd1 a6 16. g3 Rd5 17. f4 Rad8 18. Nf3 Qe7 19. Rxd5 Rxd5 20. Rd1
Qc5+ 21. Kf1 g6 22. Rxd5 Nxd5 23. Qd3 b5 24. a3 Ne3+ 25. Ke2 Nc4 26. Ng5 Qe7
27. Qe4 Nxb2 28. Qa8+ Kg7 29. Qxa6 Na4 30. Qa5 Qxa3 31. Qc7 Qb2+ 32. Kf1 Qb1+
33. Kg2 Qf5 34. c4 h6 35. Nf3 Qc2+ 36. Kh3 bxc4 37. g4 Qd3 38. Qe5+ Kh7 39. Kg2
Qd5 40. Qc7 Kg7 41. Kg3 Nc5 0-1

[Event "Mechanics' Bedjanian TNM; G/2 d/5"]
[Site "San Francisco"]
[Date "2018.12.18"]
[Round "9.19"]
[White "Babayan, Gagik"]
[Black "Furukawa, Jon"]
[Result "1-0"]
[WhiteElo "1833"]
[BlackElo "1534"]
[PlyCount "53"]
[EventDate "2018.??.??"]
[Source "ChessBase"]
[SourceDate "2007.09.04"]

1. e4 e5 2. Nf3 Nc6 3. Bb5 a6 4. Bxc6 dxc6 5. Nc3 Bg4 6. d3 Qf6 7. Be3 Bb4 8.
O-O Bxf3 9. Qxf3 Qxf3 10. gxf3 Ne7 11. Ne2 Ng6 12. f4 f6 13. f5 Nh4 14. f4 g5
15. fxe5 g4 16. exf6 Kf7 17. Nf4 Nf3+ {[#]} 18. Rxf3 gxf3 19. e5 Rhg8+ 20. Kf2
Rg4 21. h3 Rgg8 22. Kxf3 Rae8 23. d4 Rg5 24. h4 Rxf5 25. Rg1 Rg8 26. Rxg8 Kxg8
27. Kg4 1-0

[Event "Mechanics' Winter TNM; G/2 d5"]
[Site "San Francisco"]
[Date "2018.02.06"]
[Round "5.28"]
[White "Babayan, Gagik"]
[Black "Harris, Clarence"]
[Result "1-0"]
[WhiteElo "1718"]
[BlackElo "1407"]
[PlyCount "45"]
[EventDate "2018.??.??"]
[Source "ChessBase"]
[SourceDate "2007.09.04"]

1. e4 e5 2. Nf3 Nc6 3. d4 exd4 4. Nxd4 Qh4 5. Nc3 Bb4 6. Qd3 Ne5 7. Qe3 d6 8.
Nf3 Nxf3+ 9. gxf3 Bc5 10. Qe2 Bd4 11. Nd5 Bb6 12. Be3 c5 13. a3 Nf6 14. Qd2
Nxd5 15. Qxd5 Qf6 16. Bb5+ Bd7 17. Bxd7+ Kxd7 18. O-O-O Rab8 19. e5 Qe6 20.
Qxd6+ Qxd6 21. Rxd6+ Ke7 22. Rhd1 Rhd8 23. Bg5+ 1-0

[Event "Mechanics' Bedjanian TNM; G/2 d/5"]
[Site "San Francisco"]
[Date "2018.11.20"]
[Round "5.9"]
[White "Babayan, Gagik"]
[Black "Kuczek, Kevin W"]
[Result "0-1"]
[WhiteElo "1833"]
[BlackElo "1980"]
[PlyCount "60"]
[EventDate "2018.??.??"]
[Source "ChessBase"]
[SourceDate "2007.09.04"]

1. e4 e5 2. Nf3 Nc6 3. Bb5 Nf6 4. Nc3 Bc5 5. d3 d6 6. h3 h6 7. O-O O-O 8. Be3
Bb6 9. Bxc6 bxc6 10. Ne2 Be6 11. a4 a5 12. Bxb6 cxb6 13. c4 Nd7 14. Ng3 Nc5 15.
b3 Qf6 16. d4 Na6 17. dxe5 dxe5 18. Qd6 Nc5 19. Rab1 Nd7 20. Qxc6 Qe7 21. Rfd1
Rfd8 22. Qd6 Qf6 23. Qd3 Nc5 24. Qe3 Qf4 25. Qc3 f6 26. Ne1 Nxe4 27. Nxe4 Qxe4
28. Rd2 $4 Rxd2 29. Qxd2 Qxb1 30. Kh2 Qxb3 0-1

[Event "Mechanics' Bedjanian TNM; G/2 d/5"]
[Site "San Francisco"]
[Date "2018.12.04"]
[Round "7.20"]
[White "Babayan, Gagik"]
[Black "Lamstein, Joshua"]
[Result "0-1"]
[WhiteElo "1833"]
[BlackElo "1592"]
[PlyCount "107"]
[EventDate "2018.??.??"]
[Source "ChessBase"]
[SourceDate "2007.09.04"]

1. e4 c5 2. Nf3 d6 3. d4 cxd4 4. Nxd4 Nf6 5. Nc3 a6 6. Be2 b5 7. a3 Bb7 8. f3
Nc6 9. Be3 e6 10. O-O Be7 11. Qe1 O-O 12. Rd1 Qc7 13. Qf2 Ne5 14. Bg5 Nc4 15.
Bxc4 Qxc4 16. Be3 Rac8 17. Nb3 Nd7 18. Na5 Qc7 19. Nxb7 Qxb7 20. Bf4 Ne5 21.
Na2 a5 22. c3 Rfd8 23. Kh1 Ng6 24. Be3 Rd7 25. Nc1 d5 26. exd5 Rxd5 27. Nb3 Rh5
28. g3 b4 29. axb4 axb4 30. cxb4 Bxb4 31. Rc1 Rxc1 32. Rxc1 Ne5 33. Rf1 Ng4 34.
Qe2 Rxh2+ 35. Qxh2 Nxh2 36. Kxh2 Be7 37. Nd2 Qxb2 38. Rb1 Qe5 39. Rb3 h6 40.
Kg2 g5 41. Kf2 Bd6 42. Ne4 f5 43. Nxd6 Qxd6 44. f4 Qd5 45. Rb6 g4 46. Ke1 Qa5+
47. Kf1 Qd5 48. Bf2 Kg7 49. Rb8 h5 50. Kg1 Qd1+ 51. Kg2 Qf3+ 52. Kf1 h4 53.
gxh4 g3 54. Rb2 0-1

[Event "Mechanics' Shipman TNM; G/2 d/5"]
[Site "San Francisco"]
[Date "2018.08.28"]
[Round "4.20"]
[White "Babayan, Gagik"]
[Black "Latourette, Nicholas"]
[Result "1-0"]
[WhiteElo "1774"]
[BlackElo "1094"]
[PlyCount "39"]
[EventDate "2018.??.??"]
[Source "ChessBase"]
[SourceDate "2007.09.04"]

1. e4 e5 2. Nf3 Nc6 3. Bb5 d6 4. d4 exd4 5. Qxd4 Bd7 6. Bxc6 Bxc6 7. Nc3 h6 8.
Be3 b6 9. O-O-O Qd7 10. Rhe1 Be7 11. Qxg7 Bf6 12. Qg3 Bxc3 13. bxc3 O-O-O 14.
Ne5 Qe8 15. Nxc6 Qxc6 16. Bd4 Rh7 17. Qg4+ Qd7 18. Qe2 Qa4 19. Qg4+ Rd7 20.
Qxg8+ 1-0

[Event "Mechanics' Spring TNM; G/2 d5"]
[Site "San Francisco"]
[Date "2018.03.20"]
[Round "1.31"]
[White "Babayan, Gagik"]
[Black "Lucas Sr, Jermorio"]
[Result "1-0"]
[WhiteElo "1718"]
[BlackElo "1123"]
[PlyCount "75"]
[EventDate "2018.??.??"]
[Source "ChessBase"]
[SourceDate "2007.09.04"]

1. e4 e5 2. Nf3 Nc6 3. Bb5 Nge7 4. d3 a6 5. Bc4 Ng6 6. d4 Be7 7. d5 Nb8 8. O-O
O-O 9. a4 d6 10. Bd3 Nd7 11. Be3 Nf6 12. Nbd2 Bd7 13. c4 Qc8 14. Bg5 Nh5 15.
Bxe7 Nxe7 16. Nxe5 Nf4 17. Nxd7 Qxd7 18. Bc2 Neg6 19. g3 Nh3+ 20. Kg2 Ng5 21.
Qh5 h6 22. f4 Nh7 23. e5 Ne7 24. Rae1 Rae8 25. b3 dxe5 26. fxe5 Nxd5 27. cxd5
Qxd5+ 28. Nf3 Ng5 29. h4 Ne6 30. Qf5 g6 31. Qe4 Qc5 32. Rf2 Rd8 33. Qe3 Qe7 34.
Qxh6 Nd4 35. Nxd4 Rxd4 36. e6 Qd6 37. exf7+ Rxf7 38. Re8+ 1-0

[Event "Mechanics' Summer TNM; G/2 d/5"]
[Site "San Francisco"]
[Date "2018.06.17"]
[Round "8.11"]
[White "Babayan, Gagik"]
[Black "Maser, Thomas F"]
[Result "0-1"]
[WhiteElo "1752"]
[BlackElo "1900"]
[PlyCount "119"]
[EventDate "2018.??.??"]
[Source "ChessBase"]
[SourceDate "2007.09.04"]

1. e4 e5 2. Nf3 Nc6 3. Bb5 a6 4. Bxc6 dxc6 5. Nc3 Bd6 6. d4 Qe7 7. h3 Nf6 8.
O-O Bd7 9. Qe2 O-O 10. dxe5 Bxe5 11. Nxe5 Qxe5 12. f4 Qe7 13. Qf3 Rad8 14. f5
b5 15. Re1 b4 16. Nd1 Rfe8 17. Bg5 Qe5 18. Ne3 Qxb2 19. Ng4 Qd4+ 20. Kh1 Nxg4
21. Bxd8 Nf2+ 22. Kh2 Rxd8 23. Kg3 Nxe4+ 24. Qxe4 Qxe4 25. Rxe4 Bxf5 26. Rxb4
f6 27. Rc4 Rd2 28. c3 Kf7 29. a4 Rd3+ 30. Kf2 Bd7 31. Re1 Rd2+ 32. Kf3 Be6 33.
Rd4 Bd5+ 34. Ke3 Rxg2 35. h4 f5 36. c4 Be6 37. Kf3 Ra2 38. c5 Rc2 39. Rb1 Rxc5
40. Rb7 Rc3+ 41. Kf4 Kf6 42. Rxc7 Bd5 43. Rxd5 Rc4+ 44. Rd4 Rxd4+ 45. Kg3 Rc4
46. a5 Rc5 47. Kf4 h6 48. Rc8 g5+ 49. hxg5+ hxg5+ 50. Kg3 Rc3+ 51. Kg2 Ke5 52.
Ra8 Kf4 53. Rxa6 Rc2+ 54. Kg1 Kg3 55. Kf1 f4 56. Rb6 f3 57. Rb1 Ra2 58. Re1
Rxa5 59. Rc1 c5 60. Kg1 0-1

[Event "Mechanics' Winter TNM; G/2 d5"]
[Site "San Francisco"]
[Date "2018.01.23"]
[Round "3.30"]
[White "Babayan, Gagik"]
[Black "Olson, David R"]
[Result "1-0"]
[WhiteElo "1718"]
[BlackElo "1400"]
[Annotator "Donaldson"]
[PlyCount "61"]
[EventDate "2018.??.??"]
[Source "ChessBase"]
[SourceDate "2007.09.04"]

1. e4 e5 2. Nf3 Nc6 3. Bc4 d6 4. d4 exd4 5. Nxd4 Nf6 6. Nc3 Ne5 (6... Be7) 7.
Be2 Nfg4 (7... Be7) 8. O-O Qh4 9. Bxg4 Nxg4 10. h3 Ne5 11. f4 Ng6 12. Qf3 (12.
Nd5 $1) 12... Bd7 13. Bd2 O-O-O 14. Be1 Qf6 15. Rd1 a6 16. Nd5 Nh4 17. Qg3 Qg6
18. Qxh4 Qxe4 19. Nc3 Qe8 20. f5 Be7 21. Qe4 g5 22. f6 Bf8 23. Bd2 c5 24. Nf5
d5 25. Qxe8 Rxe8 26. Nxd5 Bc6 27. Nfe7+ Kb8 28. Bxg5 Rd8 29. Nxc6+ bxc6 30. Ne7
Kc7 31. Bf4+ 1-0

[Event "Mechanics' Summer TNM; G/2 d/5"]
[Site "San Francisco"]
[Date "2018.06.19"]
[Round "4.16"]
[White "Babayan, Gagik"]
[Black "Sarafian, Greg"]
[Result "0-1"]
[WhiteElo "1752"]
[BlackElo "1972"]
[Annotator "Winslow,Elliott"]
[PlyCount "100"]
[EventDate "2018.??.??"]
[Source "ChessBase"]
[SourceDate "2007.09.04"]

1. e4 e5 2. Nf3 Nc6 3. Bb5 Nge7 4. c3 g6 5. d4 exd4 6. cxd4 Bg7 7. O-O a6 8.
Ba4 O-O 9. Nc3 d6 10. Be3 b5 11. Bb3 Na5 12. a3 ({Computer hates retreating:} 
12. Bc2 Nc4 13. Bc1 Bg4 $1 (13... c5)) 12... Nxb3 13. Qxb3 h6 14. Rac1 c6 15.
Nd2 Kh7 16. f4 Be6 17. Qd1 Rc8 18. h3 f5 19. Kh2 c5 20. dxc5 dxc5 21. e5 Qc7
22. Nf3 Rfd8 23. Qc2 Bf8 24. Qf2 Bb3 25. Qh4 Kg8 26. Qf6 Qc6 27. Qxc6 Nxc6 28.
Nd2 Be6 29. Ne2 Rd3 30. Rf3 Kf7 31. Rc3 Rcd8 32. Rxd3 Rxd3 33. Nc1 Rd5 34. Rf2
c4 35. Nf3 a5 36. Rc2 Rd1 37. Kg3 b4 38. axb4 axb4 39. Ne2 c3 40. Bc1 Bb3 41.
Nxc3 Bxc2 42. Nxd1 Bxd1 43. Be3 Bxf3 44. Kxf3 Ke6 45. Ke2 Kd5 46. Kd3 Bc5 47.
Bd2 Na5 48. h4 h5 49. Be1 Nc4 50. Kc2 Ne3+ 0-1

[Event "Mechanics' Spring TNM; G/2 d5"]
[Site "San Francisco"]
[Date "2018.04.24"]
[Round "6.14"]
[White "Babayan, Gagik"]
[Black "Shaw, Tenzing"]
[Result "0-1"]
[WhiteElo "1718"]
[BlackElo "2303"]
[PlyCount "92"]
[EventDate "2018.??.??"]
[Source "ChessBase"]
[SourceDate "2007.09.04"]

1. e4 e6 2. d4 d5 3. Nd2 Be7 4. Ngf3 Nf6 5. e5 Nfd7 6. c4 c5 7. Nb3 Nc6 8. cxd5
exd5 9. Bf4 cxd4 10. Bb5 Qb6 11. Bxc6 bxc6 12. Nfxd4 Ba6 13. Nc2 Nc5 14. Be3
Qb5 15. Bxc5 Bxc5 16. Nxc5 Qxc5 17. Qd2 Qc4 18. f3 O-O 19. Kf2 Qh4+ 20. g3 Qh5
21. Rae1 Rae8 22. Qe3 c5 23. h4 d4 24. Qe4 Re7 25. g4 Qh6 26. f4 Bb7 27. Qf5
Bxh1 28. Rxh1 Qc6 29. Re1 f6 30. e6 Rfe8 31. g5 fxg5 32. hxg5 Rf8 33. Qe5 Qc7
34. f5 d3 35. Qxc7 Rxf5+ 36. Kg3 Rxc7 37. Kg4 Rf8 38. Ne3 d2 39. Rd1 Re7 40.
Rxd2 Rxe6 41. Rd3 Re4+ 42. Kg3 Rd4 43. Rc3 Re8 44. b3 Re5 45. Nc2 Rxg5+ 46. Kf3
Rh4 0-1

[Event "Mechanics' Shipman TNM; G/2 d/5"]
[Site "San Francisco"]
[Date "2018.09.25"]
[Round "8.3"]
[White "Babayan, Gagik"]
[Black "Tsodikova, Natalya"]
[Result "0-1"]
[WhiteElo "1774"]
[BlackElo "2199"]
[Annotator "Winslow,Elliott"]
[PlyCount "92"]
[EventDate "2018.??.??"]
[Source "ChessBase"]
[SourceDate "2007.09.04"]

1. e4 e5 2. Nf3 Nc6 3. Bb5 a6 4. Bxc6 dxc6 5. Nc3 f6 ({One point:} 5... Bg4 {
doesn't do anything,} 6. h3 {and no ...h5.}) 6. O-O (6. d4 exd4 7. Nxd4 c5 8.
Nde2 Qxd1+ 9. Nxd1 {was the original idea.}) 6... Bg4 7. d3 (7. h3 Bh5) 7...
Qd7 8. Be3 O-O-O 9. a3 g5 10. h3 Bh5 11. g4 (11. Nxe5 Bxd1 12. Nxd7 Bxc2 13.
Nxf8 Rxf8 14. d4 $11) 11... Bg6 $17 12. Kg2 h5 13. Nh2 hxg4 (13... Ne7) (13...
Bd6) 14. hxg4 Bd6 15. f3 Ne7 16. Rh1 Bf7 17. Ne2 Ng6 18. Ng3 Nh4+ (18... Nf4+
$1) 19. Kf2 Rh7 20. Qg1 Rdh8 21. Nhf1 Be6 22. Nf5 Nxf5 $2 (22... Ng6 23. Rxh7
Rxh7 $17) 23. Rxh7 $11 Qxh7 24. gxf5 Bf7 25. Qg2 Qg7 26. Nh2 Rh4 27. Ke2 Qh8
28. Bg1 Bh5 29. b4 c5 $15 30. c3 Be7 $17 31. Ng4 Bxg4 32. fxg4 Qg8 33. Bf2 Rh7
(33... Rh8) (33... Qb3) 34. Qf1 (34. Rh1) 34... Qb3 35. Qc1 Rh2 (35... c4 $19)
36. Rb1 Qa4 37. Qb2 cxb4 38. axb4 Qc6 39. Qb3 Qb6 40. Rf1 a5 41. Ke1 Qd6 42.
Qc4 axb4 43. Ke2 bxc3 44. Rb1 c2 45. Qxc2 Qc5 46. d4 Qxc2+ 0-1

[Event "Mechanics' Summer TNM; G/2 d5"]
[Site "San Francisco"]
[Date "2018.06.05"]
[Round "2.6"]
[White "Babayan, Gagik"]
[Black "Walder, Michael S"]
[Result "1-0"]
[WhiteElo "1752"]
[BlackElo "2064"]
[PlyCount "85"]
[EventDate "2018.??.??"]
[Source "ChessBase"]
[SourceDate "2007.09.04"]

1. e4 Nf6 2. e5 Nd5 3. c4 Nb6 4. d4 d6 5. f4 dxe5 6. fxe5 Nc6 7. Be3 Bf5 8. Nc3
e6 9. Nf3 Be7 10. Be2 O-O 11. O-O f6 12. exf6 Bxf6 13. a4 $5 a5 14. Rc1 Qe7 15.
c5 Nd5 16. Nxd5 exd5 17. Bf2 Rae8 18. Bd3 Bxd3 19. Qxd3 Qe4 20. Rcd1 Nb4 21.
Qb5 c6 22. Qxa5 Nd3 23. Qd2 Nxf2 24. Qxf2 Qe3 25. Qxe3 Rxe3 26. Rfe1 Rb3 27.
Rd2 Ra8 28. Ne5 Rxa4 29. Nf3 Rab4 30. Ree2 Rxf3 31. gxf3 Bxd4+ 32. Kg2 Bxc5 33.
Re8+ Kf7 34. Rd8 Be3 35. Re2 d4 36. f4 c5 37. Kf3 Bxf4 38. Kxf4 d3+ 39. Re4 c4
40. Rd7+ Kf6 41. h4 b5 42. Red4 c3 43. bxc3 1-0

[Event "Mechanics' Shipman TNM; G/2 d/5"]
[Site "San Francisco"]
[Date "2018.09.11"]
[Round "6.2"]
[White "Babayan, Gagik"]
[Black "Wong, Russell"]
[Result "1-0"]
[WhiteElo "1774"]
[BlackElo "2200"]
[Annotator "Winslow,Elliott"]
[PlyCount "58"]
[EventDate "2018.??.??"]
[Source "ChessBase"]
[SourceDate "2007.09.04"]

1. c4 e5 2. Nc3 Nc6 3. g3 Bc5 4. Bg2 a5 5. a3 Nf6 6. e3 O-O 7. Nge2 Re8 8. O-O
e4 9. Nd5 Ne5 10. Nxf6+ Qxf6 11. Bxe4 d5 12. Bxd5 Bh3 13. f3 Bxf1 14. Qxf1 c6
15. Be4 Nxc4 16. d4 Bb6 17. Nc3 Nd6 18. Bc2 Rad8 19. Kg2 g6 20. Bd2 Qe6 21. Ne4
Nf5 22. Re1 c5 23. d5 Rxd5 24. Bc3 Re5 25. Bxe5 Qxe5 26. Qb5 Bd8 27. Qxb7 c4
28. Ba4 Rf8 29. Qb5 $6 (29. f4 $1) 29... Be7 $4 (29... Bc7 30. Qxe5 Bxe5 31.
Re2 Nd6 (31... Rb8 32. Nc3) 32. f4 Nxe4 33. fxe5 c3 34. Bc6 {
White is still making something of it...}) 1-0

[Event "Mechanics' Winter TNM; G/2 d5"]
[Site "San Francisco"]
[Date "2018.02.06"]
[Round "5.26"]
[White "Bachseitz, Martin"]
[Black "Hilliard, Michael"]
[Result "1-0"]
[WhiteElo "1789"]
[BlackElo "1455"]
[PlyCount "29"]
[EventDate "2018.??.??"]
[Source "ChessBase"]
[SourceDate "2007.09.04"]

1. e4 c6 2. d4 d5 3. e5 Bf5 4. Nf3 h5 5. Be2 e6 6. O-O c5 7. Be3 Qb6 8. Nc3 Nc6
9. dxc5 Bxc5 10. Na4 Qc7 11. Nxc5 Nxe5 12. Nxe5 Qxe5 13. Bb5+ Ke7 14. Nxb7 Rb8
15. Bc5+ 1-0

[Event "Mechanics' Winter TNM; G/2 d5"]
[Site "San Francisco"]
[Date "2018.02.20"]
[Round "7.24"]
[White "Bachseitz, Martin"]
[Black "Hope, Frederick"]
[Result "0-1"]
[WhiteElo "1789"]
[BlackElo "1536"]
[PlyCount "86"]
[EventDate "2018.??.??"]
[Source "ChessBase"]
[SourceDate "2007.09.04"]

1. d4 Nf6 2. Nf3 g6 3. c4 Bg7 4. Nc3 O-O 5. Bf4 d6 6. e3 Nbd7 7. Be2 c6 8. O-O
Nh5 9. Bg5 h6 10. Bh4 Nhf6 11. Bg3 Nh5 12. Bh4 Nhf6 13. Nd2 c5 14. d5 Nh7 15.
Qc2 g5 16. Bg3 f5 17. f4 Ndf6 18. Bd3 Nh5 19. Be1 gxf4 20. exf4 Bd4+ 21. Kh1
Rf7 22. Ne2 Bh8 23. Ng3 Nxg3+ 24. Bxg3 e6 25. Rae1 Qf6 26. dxe6 Bxe6 27. Nf3
Nf8 28. Re2 Bd7 29. Rfe1 a6 30. Bh4 Qg7 31. Be7 Ng6 32. Bxd6 b6 33. Ne5 Nxe5
34. Bxe5 Qg4 35. Re3 Kh7 36. Rg3 Qh4 37. Qf2 Bf6 38. Rg7+ $4 {
White was completely winning but hallucinated.} Rxg7 39. Qxh4 Bxh4 40. g3 Bxg3
41. hxg3 Rxg3 42. Bb1 Rag8 43. Rd1 Rh3# 0-1